Carregant...

Nonlinear refraction of aniline blue dye solution under CW He-Ne laser light excitation studied using the Z-scan technique

Dades bibliogràfiques
Autor principal: Chitra Priya N.S
Publicat: Department of Physics, University of Kerala 2009
Matèries:
LEADER 00605nam a2200193 4500
020
082 |a THE-MSc09 332 
100 |a Chitra Priya N.S 
245 |a Nonlinear refraction of aniline blue dye solution under CW He-Ne laser light excitation studied using the Z-scan technique 
250
260 |a Department of Physics, University of Kerala  |c 2009 
300
490
500
590
650 |a Dr.C.I.Muneera 
942 |c THESIS 
999 |c 87254  |d 87254 
952 |0 0  |1 0  |4 0  |6 THE_MSC09_332_000000000000000  |7 0  |9 100722  |a PHY  |b PHY  |l 0  |o THE-MSc09 332  |p PHYxx642  |r 2019-09-24  |w 2019-09-24  |y THESIS